00306nam a2200121 a 4500008004100000020001500041050001900056100001600075245001400091246002500105260004500130350000900175120416s1997 ||||||||||||||||| || u a8171694284 aHF 5415.13 Sin aSingh, U. K10aMarketing amicro-macro analysis aNew DelhibCommonwealth Publishersc1997 a0.00